Etnološka tribina godišnjak Hrvatskog etnološkog društva.

Detalles Bibliográficos
Título anterior:Izvješća (Hrvatsko etnološko društvo)
Autor Corporativo: Hrvatsko etnološko društvo
Formato: Electrónico Revista
Lenguaje:croata
Publicado: Zagreb : Društvo, 1978-
Materias:
Acceso en línea:Full text available from Research Library: 01/01/2012 to present

MARC

LEADER 00000nas a2200000 a 4500
001 ssj0000579139
003 WaSeSS
005 20200512172242.0
006 m d
007 cr n
008 100401c19789999ci ar p s 0 b0hrv c
010 |a  2019238123 
015 |a 016381114  |2 dnb 
016 7 |a 016381114  |2 DE-101 
016 7 |a 1108303-7  |2 DE-600 
022 |a 1848-9540  |l 0351-1944  |y 0351-1944 
035 |a (WaSeSS)ssj0000579139 
040 |a OCLCE  |b eng  |c OCLCE  |d OCLCS  |d OCLCQ  |d OCLCA  |d OCLCF  |d OCLCQ  |d WY@  |d U3W  |d UOK  |d VT2  |d IUL  |d WaSeSS 
041 0 |a hrv  |b eng 
042 |a pcc 
043 |a e-ci---  |a e-xv--- 
050 4 |a DR1523  |b .E88 
082 1 4 |a [E] 
210 0 |a Etnol. trib.  |b (Online) 
222 0 |a Etnološka tribina  |b (Online) 
245 0 0 |a Etnološka tribina  |h [electronic resource] :  |b godišnjak Hrvatskog etnološkog društva. 
260 |a Zagreb :  |b Društvo,  |c 1978- 
310 |a Annual (irregular) 
362 0 |a 1- 
506 |a License restrictions may limit access. 
515 |a Issues <6-7-> called also <god. 13. i 14.-> 
546 |a In Croatian; summaries in English, <6-7-> 
588 |a Description based on: God. 7-8, no. 1; title from PDF of cover (hrčak website, viewed February 12, 2019). 
588 |a Latest issue consulted: god. 48, no. 41 (2018). 
650 0 |a Ethnology  |z Croatia  |v Periodicals. 
650 0 |a Ethnology  |z Slovenia  |v Periodicals. 
650 7 |a Ethnology.  |2 fast  |0 (OCoLC)fst00916106 
650 7 |a Manners and customs.  |2 fast  |0 (OCoLC)fst01007815 
651 0 |a Croatia  |x Social life and customs  |v Periodicals. 
651 0 |a Slovenia  |x Social life and customs  |v Periodicals. 
651 7 |a Croatia.  |2 fast  |0 (OCoLC)fst01212674 
651 7 |a Slovenia.  |2 fast  |0 (OCoLC)fst01212712 
655 0 |a Electronic journals. 
710 2 |a Hrvatsko etnološko društvo. 
776 0 8 |i Print version:  |t Etnološka tribina  |x 0351-1944  |w (DLC) 85649567  |w (OCoLC)11011535 
780 0 0 |t Izvješća (Hrvatsko etnološko društvo) 
856 4 0 |z Full text available from Research Library: 01/01/2012 to present  |u https://search.proquest.com/publication/1776335